000 00425nam a22001697a 4500
008 150602b xxu||||| |||| 00| 0 eng d
020 _a0395893518
041 0 _aeng
080 _a338
100 1 _aGriffin, Ricky W.
245 1 0 _aManagement /
_cRicky W. Griffin.
250 _a6th ed.
260 _aBoston :
_bHoughton Mifflin Co.,
_c1999.
300 _a747 f. :
_bme il.;
_c26 cm.
650 0 _aOrganizimi
942 _2udc
_cBK
999 _c973
_d973